000 00298nam a22001337a 4500
008 171228b xxu||||| |||| 00| 0 eng d
020 _abk22404799
041 _aeng
080 _a91
100 _a42
101 _aGJEO
245 _aSTUDENT ATLAS OF THE WORLD
_cWASHINGTON,D.C
942 _2udc
_cBK
999 _c39561
_d39561